Statistiken für Städte mit "R"

Klicken Sie hier um das Quiz zu spielen!

Allgemein

  • Dieses Quiz wurde 25 mal gespielt
  • Das Durchschnittsergebnis liegt bei 13 aus 35

Antwortstatistiken

LandStadt% Korrekt
Lettland 🇱🇻Riga
91%
Niederlande 🇳🇱Rotterdam
91%
Deutschland 🇩🇪Regensburg
83%
Island 🇮🇸Reykjavik
83%
Saudi-Arabien 🇸🇦Riad
83%
Brasilien 🇧🇷Rio de Janeiro
83%
Italien 🇮🇹Rom
74%
Marokko 🇲🇦Rabat
70%
Deutschland 🇩🇪Ravensburg
65%
Deutschland 🇩🇪Reutlingen
57%
Deutschland 🇩🇪Rostock
57%
Deutschland 🇩🇪Riesa
43%
Frankreich 🇫🇷Reims
39%
Deutschland 🇩🇪Remscheid
39%
Deutschland 🇩🇪Rosenheim
39%
USA 🇺🇸Richmond
30%
Myanmar 🇲🇲Rangun
26%
Brasilien 🇧🇷Recife
26%
Italien 🇮🇹Rimini
26%
Russland 🇷🇺Rostow (am Don)
26%
Argentinien 🇦🇷Rosario
22%
Dominica 🇩🇲Roseau
22%
Deutschland 🇩🇪Rottweil
22%
Frankreich 🇫🇷Rouen
22%
Österreich 🇦🇹Ried
17%
Kroatien 🇭🇷Rijeka
17%
Großbritannien 🇬🇧Reading
9%
Finnland 🇫🇮Rovaniemi
9%
Russland 🇷🇺Rjasan
4%
Niederlande 🇳🇱Roermond
4%
Deutschland 🇩🇪Radebeul
0%
Indien 🇮🇳Raipur
0%
Indien 🇮🇳Rajkot
0%
Indien 🇮🇳Ranchi
0%
USA 🇺🇸Riverside
0%

Verteilung der Resultate

Perzentil nach korrekt beantworteten Fragen

Anzahl Personen mit jedem Resultat

Ihre Resultats-Entwicklung

Sie haben dieses Quiz noch nicht gespielt